000 01089nam a2200325 c 4500
003 BLK
005 20180422112036.0
008 180409b bul|||||r ||||||| ||bul||
010 _aKNG00143217000
040 _aBLK
041 _aBUL
_cBUL
072 7 _2bullib
_aН84
_xБългарска художествена литература Н
072 7 _2bullib
_aЯ
_xАвтографи
080 _aБългарска литература
_b821.163.2
_x-311.6
_z821.163.2-311.6
100 1 _aХристов, Симеон
_eпърви автор
_9369265
139 _aХристов, Симеон
_bХ 78
245 1 0 _aСъкровището на Шишман
_bРоман
_cСимеон Христов.
257 _aBGR
260 София
_bЕпизод
_c2012
300 _a180 с.
_bс ил.
_c20 см
380 _aX
653 _aисторически романи
659 _aН
659 _aЯ
852 _aЦб 259572
856 4 _qpdf
_u
856 4 _qpdf
_u
942 _cKNG
_n0
944 _aCR
_c29.05.2013
_lф /
_kЛюдмила_Стоянова
944 _aED
_c09.06.2014
_lф /
_k
999 _c137251
_d137251